Slovenská asociácia poisťovní
Slovenská asociácia poisťovní (1.1.1994) - záujmové združenie poisťovní a zaisťovní v SR. Organizuje a podporuje vzájomnú pomoc a spoluprácu. Zabezpečuje spoločné záujmy poisťovní.
Saved in:
| Main Author: | |
|---|---|
| Format: | Book Chapter |
| Language: | Slovak |
| Subjects: | |
| Tags: |
No Tags, Be the first to tag this record!
|
MARC
| LEADER | 00000naa a2200000 4500 | ||
|---|---|---|---|
| 001 | r048119 | ||
| 005 | 20220729103932.5 | ||
| 041 | 0 | |a slo | |
| 044 | |a SK | ||
| 245 | 1 | 0 | |a Slovenská asociácia poisťovní |c Vladimír Rančík |
| 520 | |a Slovenská asociácia poisťovní (1.1.1994) - záujmové združenie poisťovní a zaisťovní v SR. Organizuje a podporuje vzájomnú pomoc a spoluprácu. Zabezpečuje spoločné záujmy poisťovní. | ||
| 610 | 2 | 0 | |a Slovenská asociácia poisťovní |
| 610 | 2 | 0 | |a poisťovne |
| 610 | 2 | 0 | |a poisťovne komerčné |
| 610 | 2 | 0 | |a zaisťovne |
| 610 | 2 | 0 | |a združenia |
| 610 | 2 | 0 | |a poisťovníctvo |
| 610 | 2 | 0 | |a Slovensko |
| 100 | 1 | |a Rančík, Vladimír | |